000 00562nam a2200193Ia 4500
005 20250326142259.0
008 250326s9999 xx 000 0 und d
020 _a0-89930-551-2
037 _aTextbook
040 _aFMSL
_beng
_cFMSL
041 _aeng
_2eng
084 _aX:8g N0
_qFMSL
100 _aHay R D
_9745870
245 0 _aStrategic management in non-profit organization: administrations Handbook
_cHay R D
260 _aNew York
_bNew York, Quorum Books
_c1990
300 _a406p
942 _cTB
_hX:8g N0
999 _c1294273
_d1294273